000 00329nam a2200145Ia 4500
100 _aDesphande/ Kulkarni
942 _cBK
654 _aEnginerring materials
245 _aGuide to engg. materials
260 _bPopular book Store
_aSurat
_c1967
082 _a671
_bDes/Kul
300 _a270
546 _aENGLISH
999 _c33164
_d33164